200 Most Spoken Languages on a Map - Statistics

General Stats
  • This quiz has been taken 337 times
  • The average score is 109 of 200
Answers on the Map
Answers color-coded by a green-red scale on the quiz's map according to % correct below.
 
Answer Stats
# Speakers Answer % Correct
1 1.5B English
98%
6 311.9M French
98%
8 266.6M Portuguese
98%
9 253.4M Russian
98%
4 558.5M Spanish
98%
43 41.6M Algerian Arabic
96%
134 8.3M Chadian Arabic
96%
15 118.6M Egyptian Arabic
96%
127 10.3M Gulf Arabic
96%
183 5.1M Hadrami Arabic
96%
108 12.3M Hijazi Arabic
96%
31 66.2M Italian
96%
13 125.6M Japanese
96%
33 60.4M Levantine Arabic
96%
163 6.1M Libyan Arabic
96%
2 1.2B Mandarin Chinese
96%
75 20.1M Mesopotamian Arabic
96%
46 40.2M Moroccan Arabic
96%
73 20.9M Najdi Arabic
96%
114 11.9M North Mesopotamian Arabic
96%
60 27.3M Sa'idi Arabic
96%
104 12.6M Sanaani Arabic
96%
5 334.8M Standard Arabic
96%
12 134.0M Standard German
96%
37 52.3M Sudanese Arabic
96%
158 6.5M Swiss German
96%
109 12.2M Ta'izzi-Adeni Arabic
96%
105 12.5M Tunisian Arabic
96%
41 45.3M Polish
95%
64 25.4M Dutch
94%
96 13.3M Greek
94%
28 81.6M Korean
94%
66 23.7M Romanian
94%
20 91.3M Turkish
94%
168 5.8M Danish
93%
3 609.1M Hindi
93%
48 39.0M Ukrainian
93%
173 5.6M Finnish
92%
175 5.5M Norwegian
92%
97 13.3M Swedish
92%
139 7.9M Bulgarian
91%
106 12.5M Czech
91%
27 82.6M Iranian Persian
91%
136 8.3M Serbian
91%
149 7.4M Slovak
91%
110 12.1M Hungarian
90%
85 15.1M Northeastern Thai
90%
143 7.8M Northern Thai
90%
200 4.5M Southern Thai
90%
29 71.4M Thai
90%
159 6.5M Croatian
89%
17 97.0M Vietnamese
89%
132 9.3M Catalan
88%
57 29.5M Malay
88%
23 86.9M Tagalog
87%
7 284.3M Bengali
86%
93 13.7M Haitian Creole
86%
71 21.4M Kazakh
86%
124 10.5M Hebrew
84%
77 19.0M Khmer
84%
191 4.9M Gheg Albanian
83%
58 29.4M Northern Uzbek
82%
196 4.7M Southern Uzbek
82%
199 4.7M Lao
81%
11 246.0M Urdu
81%
195 4.7M Sicilian
80%
24 86.3M Tamil
80%
119 11.2M Congo Swahili
79%
126 10.4M North Azerbaijani
79%
89 13.8M South Azerbaijani
79%
22 87.2M Swahili
79%
123 10.6M Tajik
78%
59 27.8M Zulu
78%
42 44.4M Burmese
76%
162 6.1M Kyrgyz
76%
56 33.1M Nepali
76%
65 24.7M Somali
76%
164 6.1M Central Kurdish
75%
82 17.2M Northern Kurdish
75%
166 6.0M Southern Kurdish
75%
145 7.8M Turkmen
74%
151 7.3M Central Pashto
73%
52 36.5M Eastern Punjabi
73%
61 27.2M Northern Pashto
73%
69 21.7M Southern Pashto
73%
21 90.3M Western Punjabi
73%
30 69.2M Javanese
72%
10 252.4M Indonesian
71%
148 7.5M Merina Malagasy
70%
26 83.4M Wu Chinese
70%
94 13.6M Uyghur
67%
76 19.2M Xhosa
67%
32 62.5M Gujarati
66%
34 60.0M Amharic
65%
54 33.7M Igbo
65%
38 49.9M Yoruba
64%
18 95.8M Telugu
63%
74 20.2M Sinhala
62%
92 13.7M Bavarian
61%
91 13.7M Northern Sotho
61%
95 13.5M Southern Sotho
61%
78 18.1M Afrikaans
60%
19 94.4M Hausa
60%
16 99.3M Marathi
59%
192 4.8M Tatar
59%
50 38.2M Malayalam
58%
157 6.6M Paraguayan Guaraní
58%
35 59.7M Kannada
57%
125 10.4M Borana-Arsi-Guji Oromo
56%
112 12.1M Eastern Oromo
56%
62 27.0M West Central Oromo
56%
84 15.3M Kinyarwanda
55%
67 23.6M Assamese
53%
53 35.5M Sunda
50%
70 21.4M Cebuano
49%
170 5.7M Napoletano
49%
55 33.4M Dari
48%
44 40.7M Hakka Chinese
47%
90 13.7M Setswana
47%
51 36.9M Sindhi
46%
122 10.7M Tigrigna
46%
47 39.5M Odia
45%
152 7.2M Kashmiri
44%
81 17.3M Wolof
43%
150 7.4M Adamawa Fulfulde
42%
88 14.1M Shona
42%
187 5.0M Ghanaian Pidgin English
41%
99 12.9M Rundi
39%
49 38.2M Xiang Chinese
37%
25 85.7M Yue Chinese
37%
138 8.0M Koongo
35%
68 22.6M Gan Chinese
34%
36 52.7M Bhojpuri
33%
128 10.0M Tsonga
33%
80 17.6M Maithili
32%
45 40.6M Lingala
31%
182 5.2M Sango
30%
197 4.7M Shan
30%
129 10.0M Akan
29%
133 8.5M Ilocano
25%
40 45.8M Min Nan Chinese
25%
14 120.7M Nigerian Pidgin
22%
141 7.9M Kabyle
20%
194 4.7M Swati
20%
98 13.0M Chittagonian
18%
169 5.8M Éwé
18%
160 6.4M Hainanese
18%
117 11.5M Sylheti
18%
83 16.3M Chhattisgarhi
17%
86 14.5M Chichewa
16%
101 12.8M Deccan
16%
161 6.3M Hiligaynon
16%
63 25.6M Saraiki
16%
193 4.8M Awadhi
14%
130 9.8M Haryanvi
14%
188 5.0M Liberian Pidgin English
14%
115 11.9M Moore
13%
144 7.8M Umbundu
13%
103 12.6M Ganda
12%
146 7.8M Madura
12%
72 21.0M Magahi
12%
142 7.9M Marwari
12%
131 9.8M Yerwa Kanuri
12%
147 7.8M Krio
11%
121 10.7M Min Dong Chinese
11%
116 11.7M Min Bei Chinese
10%
153 7.1M Luba-Kasai
9%
120 10.8M Rangpuri
9%
113 12.0M Cameroon Pidgin
8%
39 48.0M Jinyu Chinese
8%
107 12.4M Kituba
8%
174 5.6M Minangkabau
8%
137 8.1M Sukuma
8%
189 5.0M Tiv
8%
186 5.0M Sidaama
7%
135 8.3M Gikuyu
6%
177 5.3M Huizhou Chinese
6%
118 11.4M Ibibio
6%
198 4.7M Luba-Katanga
6%
140 7.9M Santhali
6%
179 5.3M Baoulé
5%
172 5.6M Bundeli
5%
185 5.1M Hazaragi
4%
156 6.8M Indian Sign Language
4%
178 5.3M Zarma
4%
154 7.0M Pulaar
3%
167 5.8M Tachelhit
3%
87 14.4M Bamanankan
2%
181 5.3M Dholuo
2%
171 5.6M Hassaniyya
2%
100 12.8M Jula
2%
180 5.3M Kamba
2%
184 5.1M Lambadi
2%
176 5.4M Malvi
2%
79 18.0M Nigerian Fulfulde
2%
190 4.9M Pular
2%
102 12.7M Bajjika
1%
111 12.1M Sadri
1%
165 6.0M Kanauji
0%
155 7.0M Varhadi-Nagpuri
0%
No matching quizzes found
Score Distribution
Percent of People with Each Score
Percentile by Number Answered
Your Score History
You have not taken this quiz